| 000 | 00540cam a22002291 4500 | ||
|---|---|---|---|
| 001 | sa 64003700 | ||
| 003 | DLC | ||
| 005 | 20260227112019.0 | ||
| 008 | 940517s1959 ii 000 0 beno | ||
| 010 | _asa 64003700 | ||
| 025 | _aPL480:EP-B-207 | ||
| 035 | _a(OCoLC)30451280 | ||
| 040 |
_aDLC _cCU _dCU _dDLC |
||
| 042 | _apremarc | ||
| 050 | 0 | 0 |
_aPK1718.W38 _bA79 |
| 100 | 1 | _aWasekpuri, Abdur Rashid. | |
| 245 | 1 | 0 | _aĀmira saodāgara. |
| 260 | _c[1959] | ||
| 300 |
_a82 p. _c23 cm. |
||
| 500 | _aIn Bengali. | ||
| 500 | _aA poem. | ||
| 999 |
_c58072 _d58072 |
||